000 00427pab a2200157 454500
008 180718b2005 xxu||||| |||| 00| 0 eng d
100 _aPrakash, Daman
245 _aProfessionalisation in cooperatives promotes good governance
260 _c2005
300 _ap.76-87.
362 _aApr-Jun
650 _aGood governance
650 _aCooperatives
773 _aIndian Journal of Training and Development
909 _a65992
999 _c65992
_d65992